00267nam a2200121Ia 4500008004100000100001700041245003300058260001200091300000800103650001000111942000700121999001700128190216s9999||||xx |||||||||||||| ||und|| aMrithilekhar 0aHindi-Sahithya Ki Ram Jigtha bAnirudh a184 aHindi cBK c16394d16394